| Record ID | ia:preachingfromhym0000vick |
| Source | Internet Archive |
| Download MARC XML | https://archive.org/download/preachingfromhym0000vick/preachingfromhym0000vick_marc.xml |
| Download MARC binary | https://www.archive.org/download/preachingfromhym0000vick/preachingfromhym0000vick_meta.mrc |
LEADER: 01321cam 2200385Ia 4500
001 ocm52185228
003 OCoLC
005 20210906023212.0
008 030505s2002 enk f 000 0 eng d
040 $aDRU$beng$cDRU$dOCLCQ$dYDXCP$dOCLCG$dNLE$dOCLCF$dOCLCQ$dOCLCO$dOCL
020 $a1858522196
020 $a9781858522197
035 $a(OCoLC)52185228
050 4 $aBV4211.2$b.V52 2002
082 04 $a251.01$221
100 1 $aVickers, John A.$q(John Ashley)
245 10 $aPreaching from hymns /$cJohn A Vickers.
260 $aPeterborough [England] :$bFoundery Press,$c©2002.
300 $a[8], 103 pages ;$c22 cm.
336 $atext$btxt$2rdacontent
337 $aunmediated$bn$2rdamedia
338 $avolume$bnc$2rdacarrier
490 1 $aPreacher's library ;$v8
650 0 $aPreaching.
650 0 $aHymns$xHomiletical use.
650 0 $aChurch year$vHandbooks, manuals, etc.
650 7 $aChurch year.$2fast$0(OCoLC)fst00861146
650 7 $aHymns$xHomiletical use.$2fast$0(OCoLC)fst00965493
650 7 $aPreaching.$2fast$0(OCoLC)fst01074813
655 7 $aHandbooks and manuals.$2fast$0(OCoLC)fst01423877
830 0 $aPreacher's library ;$v8.
938 $aYBP Library Services$bYANK$n100324280
029 1 $aAU@$b000023762436
994 $aZ0$bP4A
948 $hNO HOLDINGS IN P4A - 14 OTHER HOLDINGS